01226nam a2200301Ia 4500001001200000003000800012006001900020007001500039008004100054040002100095035002100116050002400137100002100161245011800182260006200300300001800362490003500380504004100415533015200456650002300608650003500631655002900666700001700695710003300712710001700745830003600762856012600798ebr10368593CaPaEBRm u cr cn|||||||||100902s2009 dcua sb i000 0 eng d aCaPaEBRcCaPaEBR a(OCoLC)64953685614aHG1581b.H85 2009eb1 aHuizinga, Harry.10aAccounting discretion of banks during a financial crisish[electronic resource] /cHarry Huizinga and Luc Laeven. a[Washington, D.C.] :bInternational Monetary Fund,c2009. a41 p. :bill.1 aIMF working paper ;vWP/09/207 aIncludes bibliographical references. aElectronic reproduction.bPalo Alto, Calif. :cebrary,d2011.nAvailable via World Wide Web.nAccess may be limited to ebrary affiliated libraries. 0aBanks and banking. 0aAccountingxCorrupt practices. 7aElectronic books.2local1 aLaeven, Luc.2 aInternational Monetary Fund.2 aebrary, Inc. 0aIMF working paper ;vWP/09/207.40uhttp://site.ebrary.com/lib/rucke/Doc?id=10368593zAn electronic book accessible through the World Wide Web; click to view